01099 a2200193 4500003000500000005001700005020001800022040000900040082001200049100003700061245003200098260005000130300001300180505053800193650001300731942002100744999001900765952012100784NUST20221117125553.0 a0-534-05592-3 cNust1 a515,HUR1 aHurley, James Frederick,910284900aCalculus /cJames F. Hurley aBelmont, Calif. :bWadsworth Pub. Co.,cc1987 a1061 p.: aFunctions and Limits (Page-3), Derivatives (Page-62), Applications of Differentiation (Page-140), Integrals (Page-227), Applications of Integration (Page-280), Further Transcendental Functions (Page-335), Techniques of Integration (Page-422), Some Plane analytic Geometry (Page-479), Infinite Sequences and Series (Page-546), Vector and Scalar Functions (Page-683), Differentiation of Scalar Functions (Page-745), Multiples Integration (Page-833), Vector Calculus (Page-901), Differential Equations (Page-989), Appendices (Page-A1). 0aCalculus 2ddccBKk515,HUR c217729d217729 00102ddc4070aMCSbMCScGENd2016-12-12o515,HURpMCS20700r2016-12-08w2016-12-12yBKzAlmirah No.13, Shelf No.1